000 00366nam a2200145Ia 4500
005 20250729165800.0
008 250729s2014 xx 000 0 und d
041 _aeng
082 _a370.25 HENG
100 _aHenryE Garreti
_9232881
245 _aGeneral Psychology
260 _aDelhi
_bSurjeet publication
_c2014
300 _a664p
650 _aPsychology
_9232882
999 _c240003
_d240003